Statistieken voor 2018 FIFA Wereldbeker - Finale 8 Teams

Klik hier om de quiz te nemen!

Algemene statistieken

  • Deze quiz is 88 keer genomen
  • De gemiddelde score is 6 van 8

Antwoordstatistieken

land% Correct
Frankrijk
97%
België
90%
Brazilië
90%
Engeland
84%
Kroatië
84%
Rusland
61%
Zweden
43%
Uruguay
39%

Scoreverdeling

Percentiel versus Aantal Correcte Antwoorden

Procent van Mensen met Elke Score

Uw Scoregeschiedenis

U heeft deze quiz nog niet genomen